Preservation of field coagulum by treatment with formalin (Record no. 65647)

MARC details
000 -LEADER
fixed length control field 00462nam a2200145Ia 4500
100 ## - MAIN ENTRY--AUTHOR NAME
Personal name Varghese L
245 #0 - TITLE STATEMENT
Title Preservation of field coagulum by treatment with formalin
260 ## - PUBLICATION, DISTRIBUTION, ETC. (IMPRINT)
Name of publisher IRRDB Symposium: Challenges for Natural Rubber in Globalization, 15-17 September 2003, Ching Mai, Thailand
650 ## - SUBJECT ADDED ENTRY--TOPICAL TERM
Topical Term Field coagulum
650 ## - SUBJECT ADDED ENTRY--TOPICAL TERM
Topical Term Formalin
700 ## - ADDED ENTRY--PERSONAL NAME
Personal name
700 ## - ADDED ENTRY--PERSONAL NAME
Personal name Thomas K T
942 ## - ADDED ENTRY ELEMENTS (KOHA)
Koha item type Journals
700 ## - ADDED ENTRY--PERSONAL NAME
-- athew N M
Holdings
Withdrawn status Lost status Damaged status Not for loan Home library Current library Shelving location Date acquired Koha item type
      Journals RRII Library RRII Library Rubber chemistry 17/12/2021 Journals